000 00936nam a22003137a 4500
001 BR9402865
003 BR-BrBNA
005 20230928094154.0
007 ta
008 230509b bl.||||| |||| 00| 0 por d
040 _aBR-BrBNA
_bpor
_cBiblioteca Nacional de Agricultura
041 _a(Por)
072 _aL51
_b6100
_b3755
090 _ 6100 BR9402865
100 1 _aSchemiko, J.L.
110 1 _aUniversidade Federal do Parana, Curitiba (Brasil)
_0Tese (Mestre em Ciencias Veterinarias)
245 1 _aInfluencia da colina sobre a necessidade energetica para producao de 1 kg de carne de frango
260 3 _aCuritiba, PR (Brasil):
_c1992.
300 _a43 p.
500 _a45 tables; 43 ref.; Summaries (Eng, Por)
650 _aFrango de Corte
650 _aRacao
650 _aDieta
650 _aColina
650 _aGanho de Peso
650 _aCrescimento
909 _a202309
_bLucia
_c55
_dLucia Elande
942 _cBK
999 _c49215
_d49215